Automatizované spracovanie štatistických dát /

Enregistré dans:
Détails bibliographiques
Auteurs principaux: Kvietková, Anna (Auteur), Chovanec, Stanislav (Auteur)
Format: Livre
Publié: Bratislava : Vysoká škola ekonomická, Bratislava, 1988
Tags: Ajouter un tag
Pas de tags, Soyez le premier à ajouter un tag!

MARC

LEADER 00000nam a22000003a 4500
001 stu20541
005 20150617225749.7
008 ------s1988----cs----------------------d
040 |a STU  |b slo 
041 0
044 |a cs 
080 |a 681.3 
100 1 |a Kvietková, Anna  |4 aut 
245 1 |a Automatizované spracovanie štatistických dát /  |c [aut.]Chovanec,S., Kvietková,Anna 
260 |a Bratislava :  |b Vysoká škola ekonomická, Bratislava,  |c 1988 
300 |a 234 s :  |b Tab.,lit 
700 1 |a Chovanec, Stanislav  |4 aut 
996 |b CB626  |c C*B626  |l CCXIV  |s P  |a 0  |w stu20541_0001 
996 |b CB627  |c C*B627  |l CCXIV  |s P  |a 0  |w stu20541_0002 
996 |b CB628  |c C*B628  |l CCXIV  |s P  |a 0  |w stu20541_0003